| 000 | 00505nam a22001817a 4500 | ||
|---|---|---|---|
| 999 |
_c525685 _d525685 |
||
| 003 | NUST | ||
| 005 | 20190704044759.0 | ||
| 038 | _aFaiza | ||
| 082 |
_a891.4911 _bGul |
||
| 100 |
_aGulam Mustafa Bismal _916629 |
||
| 245 |
_aTalian uty Akhian/ _cGulam Mustafa Bismal |
||
| 260 |
_aGujranwala: _bPunjabi Adbi Markaz, _c1993. |
||
| 300 | _a128p. ; | ||
| 500 | _aHard Cover | ||
| 880 |
_6100-01\r _aغلام مصطفیٰ بسمل |
||
| 880 |
_6245-02\r _a /تلیاں اُتے اکھاں |
||
| 942 |
_2ddc _cBK |
||